Финансовое право Учеб. для средних специальных учебных заведений
محفوظ في:
| المؤلف الرئيسي: | |
|---|---|
| التنسيق: | Учебник |
| الطبعة: | 3 |
| سلاسل: | Ab ovo |
| الوصول للمادة أونلاين: | https://znanium.com/catalog/document?id=199740 https://znanium.com/cover/0207/207139.jpg |
| الوسوم: |
إضافة وسم
لا توجد وسوم, كن أول من يضع وسما على هذه التسجيلة!
|
| LEADER | 02781nam0a2200361 i 4500 | ||
|---|---|---|---|
| 001 | RU\infra-m\znanium\bibl\207139 | ||
| 003 | https://znanium.com/catalog/document?id=199740 | ||
| 005 | 20250814000000.0 | ||
| 010 | |a 978-5-91768-042-2 | ||
| 010 | |a 978-5-16-111589-3 |b электр. издание | ||
| 010 | |a 978-5-16-003922-0 |b ISBN соиздателя | ||
| 100 | |a 20250814d2011 m y0rusy0150 ca | ||
| 101 | 0 | |a rus | |
| 102 | |a RU | ||
| 200 | 1 | |a Финансовое право |e Учеб. для средних специальных учебных заведений |e Учебник |f Московский государственный юридический университет им. О.Е. Кутафина |g Московский государственный юридический университет им. О.Е. Кутафина |g Московский государственный институт международных отношений (университет) Министерства иностранных дел Российской Федерации | |
| 205 | |a 3 |b испр. и доп. | ||
| 210 | 1 | |a Москва |c ООО "Юридическое издательство Норма" |d 2010 | |
| 215 | |a 272 с. | ||
| 225 | 1 | |a Ab ovo | |
| 333 | |a Среднее профессиональное образование | ||
| 606 | |a Право. Юридические науки |x Финансовое право |2 local | ||
| 608 | |a Учебник |2 local | ||
| 675 | |a 347.73(470+571) (075.32) |z rus | ||
| 686 | |a 67.402(2Рос)я723-1 |2 rubbk | ||
| 686 | |a 40.02.02 |2 okso | ||
| 686 | |a 40.02.04 |2 okso | ||
| 700 | 1 | |a Грачева |b Е.Ю. |g Елена Юрьевна |p Московский государственный юридический университет им. О.Е. Кутафина | |
| 701 | 1 | |a Соколова |b Э.Д. |g Эльвира Дмитриевна |p Финансовый университет при Правительстве Российской Федерации | |
| 712 | 0 | 2 | |a Московский государственный юридический университет им. О.Е. Кутафина |
| 712 | 0 | 2 | |a Московский государственный институт международных отношений (университет) Министерства иностранных дел Российской Федерации |
| 801 | 0 | |a RU |b Общество с ограниченной ответственностью «ЗНАНИУМ» |c 20091005 |2 rusmarc | |
| 856 | 4 | |a znanium.com |m ebs_support@infra-m.ru |n НИЦ ИНФРА-М |u https://znanium.com/catalog/document?id=199740 | |
| 856 | 4 | 1 | |a znanium.com |d /cover/0207 |f 207139.jpg |q image/jpeg |u https://znanium.com/cover/0207/207139.jpg |